Central Library OPAC University of Rajshahi
Normal view MARC view

Entry Topical Term

Number of records used in: 1

001 - CONTROL NUMBER

  • control field: 4223

003 - CONTROL NUMBER IDENTIFIER

  • control field: BD-RjUL

005 - DATE AND TIME OF LATEST TRANSACTION

  • control field: 20220802105401.0

008 - FIXED-LENGTH DATA ELEMENTS

  • fixed length control field: 220802|| aca||aabn | a|a d

040 ## - CATALOGING SOURCE

  • Original cataloging agency: BD-RjUL
  • Transcribing agency: BD-RjUL

150 ## - HEADING--TOPICAL TERM

  • Topical term or geographic name entry element: Estmate Cytoplasmic
  • Form subdivision: Coleoptera

670 ## - SOURCE DATA FOUND

  • Source citation: Work cat.: (BD-RjUL)80153: Hoque, Faisal, Kazi Md. 4222, An Estmate of Cytoplasmic Incompatibility and its Use in the Control of Storage Pest, Tribolium Castaneum (Herbst) /, 2000